000 00733nam a2200241 i 4500
001 bg
100 1 _aKRÓLIKOWSKI, Wiesław
245 1 0 _aPodstawowe zagadnienia matematyki finansowej /
_cWiesław Królikowski.
260 _aŁódź :
_bWydaw. Naukowe Wyższej Szkoły Kupieckiej,
_c2002.
300 _a225 s. ;
_c24 cm.
504 _aBibliogr. Indeks.
650 9 _aMatematyka finansowa
655 _aPodręczniki akademickie
015 _aPB 18153/2002
020 _a8391591123
040 _cBPK
041 0 _apol
080 _a336:51](075.8)
920 _a83-915911-2-3
942 _cKS
008 s pl f |000 0 pol
999 _c46032
_d46032
856 _uhttp://koha.tu.koszalin.pl/cgi-bin/koha/opac-detail.pl?biblionumber=46032
_yKatalog online BPK